Collected papers in theoretical economics/ (Record no. 189371)

MARC details
000 -LEADER
fixed length control field 00568nam a22001817a 4500
005 - DATE AND TIME OF LATEST TRANSACTION
control field 20220624144541.0
010 ## - LCCN (DPL NO)
LC control number ENG-133371
020 ## - INTERNATIONAL STANDARD BOOK NUMBER
International Standard Book Number 9780199488810
Terms of availability 1495.00
035 ## - SYSTEM CONTROL NUMBER
System control number EN-116903
037 ## - SOURCE OF ACQUISITION
Source of stock number/acquisition DBAD/PUB
082 ## - DEWEY DECIMAL CLASSIFICATION NUMBER
Classification number 330.015193
100 ## - MAIN ENTRY--PERSONAL NAME
Personal name Basu, Kaushik
245 ## - TITLE STATEMENT
Title Collected papers in theoretical economics/
Statement of responsibility, etc Kaushik Basu
260 ## - PUBLICATION, DISTRIBUTION, ETC. (IMPRINT)
Place of publication, distribution, etc New Delhi
Name of publisher, distributor, etc Oxford university press
Date of publication, distribution, etc 2018
270 ## - ADDRESS
City New delhi
Address 2/11Ground floor, ansari road,daryaganj
Postal code 110002
300 ## - PHYSICAL DESCRIPTION
Extent 316p
Dimensions 24cm(hbk)
Other physical details index
942 ## - ADDED ENTRY ELEMENTS (KOHA)
Source of classification or shelving scheme Dewey Decimal Classification
Item type English Books
Classification part 330.015193
Call number suffix BAS

No items available.


© Delhi Public Library
Hit Counter
free hit counter